| 000 | 01075cam a2200301 a 4500 | ||
|---|---|---|---|
| 001 | 4685 | ||
| 003 | FISKH | ||
| 005 | 20240923090512.0 | ||
| 008 | 010530s2002 mnua c b 001 0 eng | ||
| 010 | _a 2001003229 | ||
| 020 | _a0736810943 | ||
| 020 | _a9780736844956 | ||
| 040 |
_aDLC _cDLC _dDLC _beng |
||
| 050 | _aKF4541.Z9 | ||
| 082 | _a342.73 | ||
| 100 | 1 |
_aLeebrick, Kristal, _d1958- |
|
| 245 | 1 | 4 |
_aThe United States Constitution / _cby Kristal Leebrick. |
| 260 |
_aMinnesota : _bCapstone Publishing, _c2002. |
||
| 300 |
_a48 pages : _bcolor illustrations ; _c23 cm |
||
| 440 | 0 | _aLet freedom ring | |
| 504 | _aIncludes bibliographical references (p. 45) and index. | ||
| 520 | _aDiscusses how and why the United States Constitution was created; includes the difficulties with ratification by the states; and explains the Bill of Rights. | ||
| 650 | 0 |
_aConstitutional history _zUnited States _vJuvenile literature. |
|
| 650 | 1 | _aConstitutional history. | |
| 906 |
_a7 _bcbc _corignew _d1 _eecip _f20 _gy-gencatlg |
||
| 942 |
_2ddc _cBK _n0 |
||
| 999 |
_c4685 _d4685 |
||